| 000 | 00371nam a22001337a 4500 | ||
|---|---|---|---|
| 999 |
_c55019 _d55019 |
||
| 008 | 200205b ||||| |||| 00| 0 eng d | ||
| 041 | _aeng | ||
| 080 |
_2043.3 _a043.3 |
||
| 082 | _a043.3 | ||
| 100 | _a0 | ||
| 101 | _aMTH | ||
| 245 |
_aRoli i Kompetencës Digjitale të Mësimdhënësve në ngritjen e cilësisë së Edukimit në Kosovë _cHaziri,B.M |
||
| 942 |
_2udc _cBK |
||